Tom Gates books Quiz Stats

 Plays Quiz not verified by Sporcle

Challenge
Share
Tweet
Embed
Score 0/8 Timer 03:00
0 Plays Today
Number in series Title % Correct
1The Brilliant World of Tom Gates
97.8%
2Excellent Excuses (and other good stuff)
22.2%
3Everything's Amazing (sort of)
17.8%
4Genius Ideas (mostly)
17.8%
7(A tiny bit) Lucky
13.3%
5Tom Gates is Absolutely Fantastic (at some things)
11.1%
6Best Book Day Ever! (so far)
8.9%
8Extra Special Treats (not)
6.7%

You're not logged in!

Compare scores with friends on all Sporcle quizzes.
Join for Free
OR
Log In

You Might Also Like...

Show Comments

Extras

Top Quizzes Today


Score Distribution

Your Account Isn't Verified!

In order to create a playlist on Sporcle, you need to verify the email address you used during registration. Go to your Sporcle Settings to finish the process.

Report this User

Report this user for behavior that violates our Community Guidelines.

Details: